Créatures mythiques et fantastiques, de A à Z - Statistiques

Statistiques générales
  • Ce quiz a été pris 165 fois
  • Le résultat moyen est 17 sur 26
Statistiques - réponses
Indices Réponses % Correct
Creature issue de la mythologie grecque, mi homme, mi cheval. Centaure
96%
Manifestation surnaturelle de personnes décédés, parfois attachées à un lieu précis. Fantôme
90%
Selon la légende, leurs chants séduisaient les marins pour les mener au naufrage. Sirène
89%
Créature mythologique à tête de taureau, terrassée par Thésée. Minotaure
88%
Cheval ailé allié d'Héraclès. Pégase
88%
Souvent représentées au cinéma, ces créatures nocturnes au puissant pouvoir de séduction se nourrissent du sang de leurs victimes. Vampire
88%
Aussi surnommé l'abominable homme des neiges. Yeti
86%
Mort vivant souvent représenté décharné et friand de viande humaine. Zombie
84%
Très présent dans les mythes et légendes européennes, on l'appelle également lycanthrope. Loup garou
82%
Animal légendaire, serpent ou dragon, à plusieurs têtes. Hydre
81%
Également présent dans les univers Fantasy, souvent barbu, râleur et spécialiste de la forge et des haches. Nain
78%
Monstre mangeur d'enfants souvent présent dans les contes Ogre
78%
Créature à forme humaine très souvent représentée en Fantasy comme ami de la nature et redoutable archer. Elfe
72%
Déité solaire égyptienne.
71%
Présent dans plusieurs cultures, ce monstre est pourvu d'un corps d'aigle, de l'arrière d'un lion et d'oreilles de cheval. Griffon
68%
Épouvantail roi d'Halloween souhaitant devenir Père Noël dans un film d'animation. Jack
64%
Émissaires destinés à véhiculer le message divin aux humains. Anges
58%
Également nommé Sasquatch, il se cacherait entre autres dans les profondes forêts d'Amérique du Nord. Bigfoot
58%
Créature difforme du folklore scandinave, pouvant résider dans les forêts ou les montagnes. Troll
48%
Provenant de la mythologie nordique et germanique, considéré comme le jumeau maléfique d'une personne vivante. Doppelganger
45%
Autre nom par lequel sont désignées les licornes. Unicorne
43%
Race extraterrestre combattue par Ripley dans la saga Alien. Xenomorphe
36%
Cette créature des légendes canadiennes est initialement un homme dont l'esprit a été affaibli notamment par les conditions climatiques ou la cupidité. Wendigo
29%
Ce Yokai est une créature aquatique également appelée Kawataro. Kappa
27%
Divinité Shinto ayant participé à la création du Japon, a inspiré le nom d'un Genjutsu dans Naruto. Izanagi
9%
Monstre de la mythologie chinoise lié à Confucius, appelé Kirin au Japon. Qilin
9%
Aucun quiz correspondant
Distribution des résultats
% des personnes avec chaque résultat
Percentile par nombre de réponses
Votre historique - résultats
Vous n’avez pas pris ce quiz